00805nam a2200253 a 4500001001300000003000900013005001700022008004100039020001000080082001300090100002400103245008100127260004400208300000900252500003500261505002400296650002500320650002400345700002400369902000800393942000700401952012600408999001700534nice12345678IN_TiNIC20260116013725.0050524s1998 lona grp 000 0 eng  ac42500a230bCLA aClarke, Sathianthan aDalits and Christianityb Subaltern Religion and Liberation Theology in Indi aLondan bOxford University Press c1998 a247p aincludes index and biblioraphy2 aBibliography, Index aCaste-India-Theology aLiberation-Theology1 aClarke, Sathianthan bSRS cBK 001040708StackRoom-aHMIbHMId2007-06-22g425.00l3o230 CLAp018151r2024-07-23s2022-08-29v425.00w2005-05-24yBK c12168d12168